| Tag |
First Indicator |
Second Indicator |
Subfields |
| LEADER |
00000pam a2200000 i 4500 |
| 001 |
in00004464839 |
| 005 |
20191202121713.0 |
| 008 |
790905s1980 pauaf b 00100 eng |
| 010 |
|
|
|a 79020234
|
| 020 |
|
|
|a 0812106326
|
| 035 |
|
|
|a (OCoLC)05333283
|
| 035 |
|
|
|z (UtOrBLW)8467
|
| 035 |
|
|
|a 14215
|
| 040 |
|
|
|a DLC
|c DLC
|d m.c.
|d TMV
|d UtOrBLW
|
| 049 |
|
|
|a TMVM
|c [8000166]
|
| 060 |
|
0 |
|a SF 851
|b V586 1980
|
| 245 |
0 |
0 |
|a Veterinary gastroenterology /
|c edited by Neil V. Anderson.
|
| 264 |
|
1 |
|a Philadelphia :
|b Lea & Febiger,
|c 1980.
|
| 300 |
|
|
|a xvii, 720 pages, 2 unnumbered leaves of plates :
|b illustrations ;
|c 29 cm.
|
| 336 |
|
|
|a text
|2 rdacontent
|b txt
|
| 337 |
|
|
|a unmediated
|2 rdamedia
|
| 338 |
|
|
|a volume
|2 rdacarrier
|b nc
|
| 504 |
|
|
|a Includes bibliographical references and index.
|
| 650 |
|
2 |
|a Gastrointestinal Diseases
|x veterinary.
|
| 700 |
1 |
|
|a Anderson, Neil V.
|
| 999 |
|
|
|a MARS
|
| 999 |
f |
f |
|s dababec5-cd62-323c-a6cd-c54b1dc7b36d
|i 25e11024-23ba-3676-b89a-480ee401218b
|t 0
|
| 952 |
f |
f |
|p preservation
|a Texas A&M University
|b J.J. Pickle Campus
|c High Density Repository
|d Remote Storage
|t 0
|e SF 851 V586 1980
|h National Library of Medicine classification
|i unmediated -- volume
|m 3238901443060
|
| 998 |
f |
f |
|a SF 851 V586 1980
|t 0
|l Remote Storage
|